000 00291nam a2200133Ia 4500
100 _aRashid/M.H
942 _cBK
654 _aspice
245 _aSpice for circuits and electronics using
260 _bPrentice -Hall
_c2002
082 _a621.381
_bRAS
300 _a364
546 _aENGLISH
999 _c26798
_d26798